000 00651nam a2200217Ii 4500
003 JO-AjNU
008 230606s9999||||xx |||||||||||||| ||und||
020 _a0-13-204767-5
040 _aJO-AjNU
_beng
_erda
_cJO-AjNU
041 _aeng
050 1 4 _aTA340.W35.2007
100 3 _aWalpole, Ronald,
_eauthor
_91185
245 0 0 _aProbability and Statistics for Engineers and Scientists
250 _a8 ed
264 3 1 _aNew Jersy:pearson,2010
300 _a815p
336 _atext
_btxt
_2rdacontent
337 _aunmediated
_bn
_2rdamedia
338 _avolume
_bnc
_2rdacarrier
650 4 _aProbability and Statistics for Engineers and Scientists
_91186
999 _aE624
_c624
_d624